000 00432nam a22001697a 4500
005 20230603123351.0
008 230224b |||||||| |||| 00| 0 eng d
020 _a9789354659478
041 _aeng
082 _21
100 _aClement, I.
_9119826
245 _aClinical Logbook/Practical Record Book for BSc Nursing Programme
300 _a61P.
365 _b195.00
_crs
942 _cCB
999 _c98295
_d98295
650 _aNURSING FOUNDATION
_9181729